Statistics for National Flowers of Every State

Click here to take the quiz!

General Stats

  • This quiz has been taken 12 times
  • The average score is 6 of 67

Answer Stats

HintAnswer% Correct
New YorkRose
89%
MississippiMagnolia
44%
LouisianaMagnolia
44%
KansasSunflower
44%
ArkansasApple blossom
33%
MichiganApple Blossom
33%
AlaskaForget-me-not
33%
CaliforniaCalifornia poppy
22%
TennesseeIris
22%
DelawarePeach blossom
22%
IndianaPeony
22%
GeorgiaAzalea
11%
AlabamaCamellia
11%
WyomingIndian paintbrush
11%
ConnecticutMichaela Petit
11%
PennsylvaniaMountain laurel
11%
ConnecticutMountain laurel
11%
AlabamaOak-leaf hydrangea
11%
FloridaOrange Blossom
11%
West VirginiaRhododendron
11%
ColoradoRocky Mountain columbine
11%
ArizonaSaguaro cactus blossom
11%
IllinoisViolet
11%
Rhode IslandViolet
11%
New JerseyViolet
11%
South CarolinaYellow jessamine
11%
VirginiaAmerican dogwood
0%
MontanaBitterroot
0%
MarylandBlack-eyed susan
0%
TexasBluebonnet sp.
0%
North CarolinaCarolina lily
0%
GeorgiaCherokee rose
0%
WashingtonCoast rhododendron
0%
MichiganDwarf lake iris
0%
North CarolinaFlowering dogwood
0%
NebraskaGoldenrod
0%
South CarolinaGoldenrod
0%
KentuckyGoldenrod
0%
HawaiiHawaiian hibiscus
0%
MissouriHawthorn
0%
OklahomaIndian blanket
0%
OhioLarge white trillium
0%
LouisianaLouisiana iris
0%
MassachusettsMayflower
0%
IllinoisMilkweed
0%
OklahomaMistletoe
0%
OklahomaOklahoma rose
0%
OregonOregon grape
0%
South DakotaPasque flower
0%
PennsylvaniaPenngift crown vetch
0%
MinnesotaPink and white lady's slipper
0%
New HampshirePink lady's slipper
0%
New HampshirePurple lilac
0%
TennesseePurple passionflower
0%
VermontRed clover
0%
NevadaSagebrush
0%
OhioScarlet carnation
0%
UtahSego Lily
0%
IdahoSyringa
0%
TennesseeTennessee purple coneflower
0%
MississippiTickseed
0%
FloridaTickseed
0%
MaineWhite pine cone and tassel
0%
North DakotaWild prairie rose
0%
IowaWild rose
0%
WisconsinWood violet
0%
New MexicoYucca flower
0%

Score Distribution

Percentile by Number Answered

Percent of People with Each Score

Your Score History

You have not taken this quiz